00679cam a2200229 a 4500001000500000005001700005020001800022040002300040050001900063082001000082100002500092245003500117250004300152260003600195300005800231490002000289505000800309520006900317521002300386521002000409650002000429346620250327100549.0 a9780545004930 aDLCcDLCdDLCbeng00aPZ7.M462b198700a428.61 aMayer, Mercerd1943-10aJust a mess /cby Mercer Mayer aFirst Scholastic printing , April 2007 aNew York : bScholastic, c1987 a24 unnumbered pages : bcolor illustrations ;c21 cm.1 a Little Critter aJ  aA boy cleans up his messy room to try to find his baseball mitt. a480 bLexile AD  aJ bRaz-Plus  1achoresvFiction